000 01727cam a2200373 a 4500
999 _c129341
_d129341
001 13196247
003 ARRUPE
005 20190401101838.0
008 030513s2004 iluab b 001 0 eng
010 _a 2003011146
020 _a0226305015 (cloth : alk. paper)
020 _a0226305023 (pbk. : alk. paper)
040 _aDLC
_cDLC
_dDLC
042 _apcc
043 _af-iv---
050 0 0 _aDT545.45.B45
_bG65 2004
082 0 0 _a306.874/089/9643
_221
100 1 _aGottlieb, Alma.
_945654
245 1 4 _aThe afterlife is where we come from :
_bthe culture of infancy in West Africa /
_cAlma Gottlieb.
260 _aChicago :
_bUniversity of Chicago Press,
_c2004.
300 _axxv, 403 p. :
_bill., maps ;
_c24 cm.
504 _aIncludes bibliographical references (p. 335-384) and index.
650 0 _aBeng (African people)
_xSocial conditions.
_945655
650 0 _aBeng (African people)
_xPsychology.
_945656
650 0 _aBeng (African people)
_xKinship.
_945657
650 0 _aInfants
_xCare
_zCôte d'Ivoire.
_945658
650 0 _aInfants
_xDevelopment
_zCôte d'Ivoire.
_945659
650 0 _aChild rearing
_zCôte d'Ivoire.
_945660
856 4 2 _3Publisher description
_uhttp://www.loc.gov/catdir/description/uchi051/2003011146.html
856 4 2 _3Contributor biographical information
_uhttp://www.loc.gov/catdir/bios/uchi051/2003011146.html
856 4 1 _3Table of contents
_uhttp://www.loc.gov/catdir/toc/ecip044/2003011146.html
906 _a7
_bcbc
_corignew
_d1
_eecip
_f20
_gy-gencatlg
942 _2lcc
_cMONOGRAPH